书目信息 |
| 题名: |
青年圆舞曲
|
|
| 作者: | 杜鸣心 曲 | |
| 分册: | ||
| 出版信息: | 北京 人民音乐出版社 1979 |
|
| 页数: | 23页 | |
| 开本: | 20cm | |
| 丛书名: | ||
| 单 册: | ||
| 中图分类: | J647.61 | |
| 科图分类: | ||
| 主题词: | 管弦乐-总谱--中国--现代 , 总谱-管弦乐--中国--现代 | |
| 电子资源: | ||
| ISBN: | ||
| 000 | 00621nam0 2200229 45 | |
| 001 | 0179002645 | |
| 005 | 20060819163657.20 | |
| 010 | @dCNY0.18 | |
| 091 | @aCN@b8026.3619 | |
| 100 | @a19950724d1979 em y0chiy0121 ea | |
| 101 | 0 | @achi |
| 102 | @aCN@b110000 | |
| 105 | @ag z 000yy | |
| 200 | 10 | @a青年圆舞曲@Aqing nian yuan wu qu@e管弦乐总谱@f杜鸣心曲 |
| 210 | @a北京@c人民音乐出版社@d1979 | |
| 215 | @a23页@d20cm | |
| 606 | @a管弦乐-总谱@y中国@z现代 | |
| 606 | @a总谱-管弦乐@y中国@z现代 | |
| 690 | @aJ647.61@v3 | |
| 701 | 0 | @a杜鸣心@Adu ming xin@4曲 |
| 801 | 0 | @aCN@bTSSF@c20060819 |
| 905 | @a10447@dJ647.61@e86 | |
| 青年圆舞曲:管弦乐总谱/杜鸣心曲.-北京:人民音乐出版社,1979 |
| 23页;20cm |
| ISBN :CNY0.18 |
| ● |
| 相关链接 |
|
|
|
|
正题名:青年圆舞曲
索取号:J647.61/86
 
预约/预借
| 序号 | 登录号 | 条形码 | 馆藏地/架位号 | 状态 | 备注 |
| 1 | 0466966 | 204669661 | 密集书库/ [索取号:J647.61/86] | 在馆 |